Počátky skautingu v českých zemích /

Hlavní autor: Jelínek, Tomáš, 1955-
Jazyk: Čeština
Vydáno: Praha : Univerzita Karlova, nakladatelství Karolinum, 2025
Vydání: Vydání první
Témata:
Fyzický popis: 329 stran : ilustrace, portréty, faksimile ; 21 cm
Language note: Anglické resumé
Knihy
Uloženo v:
LEADER 02042cam a2200553 i 4500
001 nkc20253675664
003 CZ PrNK
005 20250609100613.0
007 ta
008 250311s2025 xr ach e 001 0 cze d
015 |a cnb003675664 
020 |a 978-80-246-5754-7  |q (brožováno) 
035 |a (OCoLC)1522999609 
040 |a KLG001  |b cze  |d OLA001  |d ABA001  |e rda 
041 0 |a cze  |b eng 
043 |a e-xr--- 
045 |a w-x- 
072 7 |a 37  |x Výchova a vzdělávání  |2 Konspekt  |9 22 
080 |a 379.8.03:061.2  |2 MRF 
080 |a [379.8.03:061.2](091)  |2 MRF 
080 |a 061.2-053.2  |2 MRF 
080 |a (437.3)  |2 MRF 
080 |a (048.8)  |2 MRF 
100 1 |a Jelínek, Tomáš,  |d 1955-  |7 xx0045213  |4 aut 
245 1 0 |a Počátky skautingu v českých zemích /  |c Tomáš Jelínek 
250 |a Vydání první 
264 1 |a Praha :  |b Univerzita Karlova, nakladatelství Karolinum,  |c 2025 
300 |a 329 stran :  |b ilustrace, portréty, faksimile ;  |c 21 cm 
336 |a text  |b txt  |2 rdacontent 
337 |a bez média  |b n  |2 rdamedia 
338 |a svazek  |b nc  |2 rdacarrier 
504 |a Obsahuje bibliografii, bibliografické odkazy a rejstřík 
546 |a Anglické resumé 
648 7 |a 19.-20. století  |7 ch757015  |2 czenas 
650 0 7 |a skauting  |7 ph116152  |z Česko  |y 19.-20. století  |2 czenas 
650 0 7 |a dějiny skautingu  |7 ph494801  |z Česko  |y 19.-20. století  |2 czenas 
650 0 7 |a organizace dětí a mládeže  |7 ph123799  |z Česko  |y 19.-20. století  |2 czenas 
650 0 9 |a scouting  |z Czechia  |y 19th-20th centuries  |2 eczenas 
650 0 9 |a history of scouting  |z Czechia  |y 19th-20th centuries  |2 eczenas 
650 0 9 |a children's and youth organizations  |z Czechia  |y 19th-20th centuries  |2 eczenas 
655 7 |a monografie  |7 fd132842  |2 czenas 
655 9 |a monographs  |2 eczenas 
910 2 |a BOA001  |b 2-1543.430 
920 |a 1653231  |z KLG001 
928 9 |a Karolinum 
990 |a BK 
995 |a 01 
991 |b 202504  |c NOV 
996 6 |b 2611001226  |c 2-1543.430  |l MZK  |r Sklad / do 1 hodiny  |n 3  |p p.v.  |w 002003064  |u 000010  |a 1  |e BOA001  |j MZK50  |s P